Economía colombiana del siglo XX : (Record no. 37489)
[ view plain ]
| 000 -LEADER | |
|---|---|
| campo de control de longitud fija | 02540cam a2200373 a 4500 |
| 001 - NÚMERO DE CONTROL | |
| campo de control | 86530 |
| 005 - FECHA Y HORA DE LA ÚLTIMA TRANSACCIÓN | |
| campo de control | 20230410105457.0 |
| 008 - DATOS DE LONGITUD FIJA--INFORMACIÓN GENERAL | |
| campo de control de longitud fija | 070724s2007 ck abk b 000 0 spa c |
| 035 ## - NÚMERO DE CONTROL DEL SISTEMA | |
| Número de control de sistema | 14971593 |
| 010 ## - NÚMERO DE CONTROL DE LA BIBLIOTECA DEL CONGRESO | |
| Número de control de LC | 2007470253 |
| 020 ## - NÚMERO INTERNACIONAL ESTÁNDAR DEL LIBRO | |
| Número Internacional Estándar del Libro | 9789583801396 |
| 020 ## - NÚMERO INTERNACIONAL ESTÁNDAR DEL LIBRO | |
| Número Internacional Estándar del Libro | 9583801399 |
| 035 ## - NÚMERO DE CONTROL DEL SISTEMA | |
| Número de control de sistema | (OCoLC)ocn171189744 |
| 040 ## - FUENTE DE CATALOGACIÓN | |
| Centro catalogador/agencia de origen | NOC |
| Centro/agencia transcriptor | NOC |
| Centro/agencia modificador | DLC |
| 042 ## - CÓDIGO DE AUTENTICACIÓN | |
| Código de autenticación | lccopycat |
| 050 14 - SIGNATURA TOPOGRÁFICA DE LA BIBLIOTECA DEL CONGRESO | |
| Número de clasificación | HC 197 |
| Número de ítem | E19 2007 |
| 245 00 - MENCIÓN DEL TÍTULO | |
| Título | Economía colombiana del siglo XX : |
| Resto del título | un análisis cuantitativo / |
| Mención de responsabilidad, etc. | James Robinson, Miguel Urrutia, editores. |
| 260 ## - PUBLICACIÓN, DISTRIBUCIÓN, ETC. | |
| Lugar de publicación, distribución, etc. | Bogotá : |
| Nombre del editor, distribuidor, etc. | Fondo de Cultura Económica : |
| -- | Banco de la República, |
| Fecha de publicación, distribución, etc. | 2007. |
| 300 ## - DESCRIPCIÓN FÍSICA | |
| Extensión | 678 p. : |
| Otras características físicas | ill., maps., forms. ; |
| Dimensiones | 24 cm. |
| 440 #0 - MENCIÓN DE SERIE/PUNTO DE ACCESO ADICIONAL--TÍTULO | |
| Título | Colección Sección Obras de Economía |
| 500 ## - NOTA GENERAL | |
| Nota general | "Economia" -- Cover. |
| 504 ## - NOTA DE BIBLIOGRAFÍA, ETC. | |
| Nota de bibliografía, etc. | Includes bibliographical references: p. (669-673) |
| 505 0# - NOTA DE CONTENIDO CON FORMATO | |
| Nota de contenido con formato | Una historia económica de Colombia en el siglo XX / James Robinson y Miguel Urrutia-- Un siglo de crecimiento económico / Miguel Urrutia y Carlos Esteban Posada-- La estatura de los colombianos: Un ensayo de antropometría histórica, 1905-2003/ Adolfo Meisel y Margarita Vega-- El comercio exterior colombiano en el siglo XX/ Leonardo Villar y Pilar Esguerra-- Aspectos de la agricultura colombiana en el siglo XX/ Salomón Kalmanovitz y Enrique López-- El proceso colombiano de desindustrialización/ Juna José Echavarría y Mauricio Villamizar-- La política fiscal en el siglo XX en Colombia / Roberto Junguito y Hernán Rincón-- Historia monetaria de Colombia en el siglo XX: Grandes tendencias y episodios relevantes/ Fabio Sánchez, Andrés Fernández y Armando Armenta-- Efectos de eslabonamiento de la infraestructura de transporte sobre la economía colombiana: 1900-1950/ María Teresa Ramírez-- La educación primaria y secundaria en Colombia en el siglo XX/ María Teresa Ramírez y Juana Patricia Téllez-- El acceso de Colombia al financiamiento externo durante el siglo XX-- Un balance de los estudios sobre historia económica de Colombia, 1942-2005/ Adolfo Meisel-- Un típico país latinoamericano?. Una perspectiva sobre el desarrolllo / James Robinson. |
| 651 #0 - PUNTO DE ACCESO ADICIONAL DE MATERIA--NOMBRE GEOGRÁFICO | |
| Nombre geográfico | Colombia |
| Subdivisión general | Economic conditions |
| Subdivisión cronológica | 20th century. |
| 651 #0 - PUNTO DE ACCESO ADICIONAL DE MATERIA--NOMBRE GEOGRÁFICO | |
| Nombre geográfico | Colombia |
| Subdivisión general | Economic policy. |
| 651 #4 - PUNTO DE ACCESO ADICIONAL DE MATERIA--NOMBRE GEOGRÁFICO | |
| Nombre geográfico | Colombia |
| Subdivisión general | Condición económica |
| Subdivisión cronológica | Siglo XX |
| 651 #4 - PUNTO DE ACCESO ADICIONAL DE MATERIA--NOMBRE GEOGRÁFICO | |
| Nombre geográfico | Colombia |
| Subdivisión general | Política económica |
| 700 1# - ENTRADA AGREGADA--NOMBRE PERSONAL | |
| Nombre de persona | Robinson, James A. |
| Fechas asociadas al nombre | 1960 |
| 700 1# - ENTRADA AGREGADA--NOMBRE PERSONAL | |
| Nombre de persona | Urrutia, Miguel. |
| 710 2# - ENTRADA AGREGADA--NOMBRE DE ENTIDAD CORPORATIVA | |
| Nombre de entidad corporativa o nombre de jurisdicción como elemento de entrada | Banco de la República de Colombia |
| 942 ## - ELEMENTOS DE ENTRADA SECUNDARIOS (KOHA) | |
| Fuente del sistema de clasificación o colocación | Clasificación de Library of Congress |
| Tipo de ítem Koha | |
| 923 ## - | |
| -- | 20070722 |
| -- | 6374 |
| -- | BO-CbLA |
| 985 ## - | |
| -- | VENDOR LOAD |
| Estatus retirado | Estado de pérdida | Fuente del sistema de clasificación o colocación | Estado de daño | No para préstamo | Colección | Biblioteca de origen | Biblioteca actual | Ubicación en estantería | Fecha de adquisición | Serial enumeration / chronology | Signatura topográfica completa | Código de barras | Visto por última vez | Copia número | Tipo de ítem Koha |
|---|---|---|---|---|---|---|---|---|---|---|---|---|---|---|---|
| Clasificación de Library of Congress | Ciencias Sociales | Biblioteca Juan Bosch | Biblioteca Juan Bosch | Ciencias Sociales (3er. Piso) | 10/04/2023 | 1 | HC 197 E19 2007 | 00000075742 | 24/10/2018 | 1 |
